000 00538nam a2200193Ia 4500
008 140626s9999 xx 000 0 und d
100 _aWeaver, Ray..
245 2 _aA Reference price theory of the endowment effect /
_cRay Weaver ... [et al.].
260 _cc2012.
300 _a49 : 5, page 696
440 _aJournal of Marketing Research
521 _aBSBA
650 _aEndowment effect.
650 _aFairness.
650 _aLoss aversion.
650 _aReference prices.
650 _aTransaction utility .
942 _cSE
999 _c121059
_d121059